Ukrajins'ka škola u Bratyslavi

Bibliographic Details
Format: Article
Language:Ukrainian
PhysicalDescription:Fotografie
Subjects:

MARC

LEADER 00000nab a2200000 4500
001 vtls011829459
003 SK-MaSNL
005 20260318124323.0
008 181212c2018 xo zr|p c| ||00 c0ukr
015 |a SNBRB2018/12 
038 |a SVKPOCL 
040 |a SVKPOCL  |b slo  |c SVKPOCL  |e rda 
041 0 |a ukr 
044 |a xo  |c SK 
072 7 |a 373.2/.3  |x Predškolská a primárna výchova a vzdelávanie  |2 konspekt 
080 |a (437.611)  |2 2011 
080 |a 373.3(=161.2)(437.611-2)  |2 2011 
080 |a (437.611-2)  |2 2011 
245 0 0 |a Ukrajins'ka škola u Bratyslavi 
300 |b Fotografie 
336 |a text  |b txt  |2 rdacontent 
337 |a bez média  |b n  |2 rdamedia 
338 |a zväzok  |b nc  |2 rdacarrier 
500 |a V rubrike Z poštovoji skryňky 
650 0 7 |a národnostné školstvo  |2 SNKPH  |9 71418 
650 0 7 |a vyučovanie  |2 SNKPH  |9 1522 
650 0 7 |a základné školy  |2 SNKPH  |9 1280 
650 0 7 |a ukrajinčina  |2 SNKPH  |9 1347 
651 7 |a Bratislava (Slovensko)  |2 SNKPHgeo  |9 14568 
773 0 |t Veselka  |g Roč. 66, č. 3 (2018/2019), s. 7 
852 |a SVKPO  |b KIS3GCP 
958 |a UK 
958 |a SS 
958 |a LX 
958 |a SK 
999 |c 2548044  |d 2549974